| 000 | 00457pab a2200169 454500 | ||
|---|---|---|---|
| 008 | 180718b2017 xxu||||| |||| 00| 0 eng d | ||
| 100 | _aChakravarty, A.K. | ||
| 245 | _aSustainable development of indigenous dairy cattle in India | ||
| 260 | _c2017 | ||
| 300 | _ap.9-12. | ||
| 362 | _aJan | ||
| 650 | _aAnimal husbandry - India | ||
| 650 | _aSustainable development - India | ||
| 650 | _aAnimal husbandry | ||
| 773 | _aKurukshetra | ||
| 909 | _a113466 | ||
| 999 |
_c113461 _d113461 |
||